| 000 | 00445nam a2200157Ia 4500 | ||
|---|---|---|---|
| 008 | 210716s2004 xx 000 0 und d | ||
| 020 | _a8120317106 | ||
| 041 | _aeng | ||
| 082 | _a621.3821 PANR | ||
| 100 | _aPandya, Raj. | ||
| 245 | _aMobile and personal communication systems and services. | ||
| 250 | _a1 | ||
| 260 |
_aNew Delhi _bPrentice Hall of India PVt Ltd _c2004 |
||
| 300 | _axvi,334 | ||
| 650 | _aCommunication Network Architecture | ||
| 999 |
_c182176 _d182176 |
||